000 00393nam a2200181Ia 4500
001 10105
005 20260306161807.0
008 260306t2012||||xx |||||||||||||| ||spa||
041 _aESP
082 _aPL 891.85
_bM57
100 _aMitosz, Czestaw
_eAUT
245 0 _aPoesía escogida
260 _c2012
300 _a
_c
650 _aGEN
654 _aCHU
942 _cLIB
_dJUS
_fJUS
_2ddc
_n
999 _c10105
_d10105